Las arcillas: el barro noble

Đã lưu trong:
Chi tiết về thư mục
Những tác giả chính: Domínguez, José Manuel (Tác giả), Schifter, Isaac (Tác giả)
Định dạng: Sách
Ngôn ngữ:Tiếng Tây Ban Nha
Được phát hành: Ciudad de México Fondo de Cultura Económica 1992
Phiên bản:1a. ed
Loạt:La Ciencia, 109
Những chủ đề:
Các nhãn: Thêm thẻ
Không có thẻ, Là người đầu tiên thẻ bản ghi này!

MARC

LEADER 00000nam a2200000 a 4500
001 UCI6739
003 CL-VaPUC
008 080523e19920000MX |||||||||||||||||spa|d
020 |a 9681637437 
082 0 4 |a 553.61  |b DOM  |2 21 
100 0 |a Domínguez, José Manuel  |e author  |9 529719 
700 0 |a Schifter, Isaac  |e author  |9 529720 
245 1 4 |a Las arcillas: el barro noble 
250 |a 1a. ed 
300 |a 96 p 
942 |c BK 
945 |d 20080523 00:00:00  |a jtorresc 
260 |a Ciudad de México  |b Fondo de Cultura Económica  |c 1992 
650 0 |a Arcilla  |9 262838 
650 0 |a Ciencia y tecnología  |9 260585 
650 7 |a INDUSTRIA Y COMERCIO  |2 CL-VaPUC  |9 259508 
650 0 |a Tecnología  |9 256742 
583 |a last modification  |c 20080523 00:00:00  |k Rodrigo Vera 
490 0 |a La Ciencia, 109 
999 |c 330188  |d 330186 
952 |0 0  |1 0  |4 0  |6 553_610000000000000_DOM_1992  |7 0  |8 A  |9 415610  |a BIBART  |b BIBART  |d 2019-11-22  |i 4441958  |o 553.61 DOM 1992  |p 4441958  |r 2025-03-13  |w 2019-11-22  |y BK  |k ART